The blacksmith queen. #1 / G. A. Aiken.
Available copies
- 3 of 3 copies available at LARL/NWRL Consortium.
- 2 of 2 copies available at Lake Agassiz Regional Library. (Show preferred library)
Current holds
0 current holds with 3 total copies.
Show Only Available Copies
| Location | Call Number / Copy Notes | Barcode | Shelving Location | Status | Due Date |
|---|---|---|---|---|---|
| Breckenridge Public Library | AIK (Text) | 33500013123997 | Main | Available | - |
| Crookston Public Library | AIK (Text) | 33500013124003 | Main | Available | - |
| Roseau Public Library | AIK (Text) | 35500006204877 | Main | Available | - |
Record details
- ISBN: 1496721209
- ISBN: 9781496721204
- Physical Description: 296 pages ; 21 cm
- Edition: First Kensington trade paperback edition.
- Publisher: New York, NY : Kensington Publishing Corp., [2019]
- Copyright: ©2019
Content descriptions
| Summary, etc.: | When the prophesy about a blacksmith ascending to ... Read More |
Search for related items by subject
| Subject: | Centaurs > Fiction. Blacksmiths > Fiction. Prophecies > Fiction. |
| Genre: | Fantasy fiction. Romance fiction. Paranormal fiction. Paranormal romance fiction. |
Search for related items by series
| LDR | 01425cam a2200397Ii 4500 | ||
|---|---|---|---|
| 001 | 327821 | ||
| 003 | LARL_NWRL_CONSORTIUM | ||
| 005 | 20190828173034.0 | ||
| 008 | 181207t20192019nyu 000 1 eng d | ||
| 040 | . | ‡aYDX ‡beng ‡erda ‡cYDX ‡dBDX ‡dOCO ‡dIEP ‡dNRG | |
| 020 | . | ‡a1496721209 | |
| 020 | . | ‡a9781496721204 | |
| 035 | . | ‡a(OCoLC)1077959222 | |
| 082 | 0 | 4. | ‡a813.6 ‡223 |
| 049 | . | ‡aNRGA | |
| 100 | 1 | . | ‡aAiken, G. A., ‡eauthor. |
| 245 | 1 | 4. | ‡aThe blacksmith queen. ‡n#1 / ‡cG. A. Aiken. |
| 250 | . | ‡aFirst Kensington trade paperback edition. | |
| 264 | 1. | ‡aNew York, NY : ‡bKensington Publishing Corp., ‡c[2019] | |
| 264 | 4. | ‡c©2019 | |
| 300 | . | ‡a296 pages ; ‡c21 cm | |
| 336 | . | ‡atext ‡btxt ‡2rdacontent | |
| 337 | . | ‡aunmediated ‡bn ‡2rdamedia | |
| 338 | . | ‡avolume ‡bnc ‡2rdacarrier | |
| 490 | 0 | . | ‡aScarred earth ; ‡v1 |
| 520 | . | ‡aWhen the prophesy about a blacksmith ascending to the throne of the Black Hills proves true, Keeley must protect her younger sister from the enraged sons of the Old King with the help of the Amichai, kilt-wearing mountain warriors. | |
| 650 | 0. | ‡aCentaurs ‡vFiction. | |
| 650 | 0. | ‡aBlacksmiths ‡vFiction. | |
| 650 | 0. | ‡aProphecies ‡vFiction. ‡0(LARL_NWRL_CONSORTIUM)174454 | |
| 655 | 7. | ‡aFantasy fiction. ‡2lcgft | |
| 655 | 7. | ‡aRomance fiction. ‡2lcgft | |
| 655 | 7. | ‡aParanormal fiction. ‡2lcgft | |
| 655 | 0. | ‡aParanormal romance fiction. | |
| 905 | . | ‡ubacont | |
| 901 | . | ‡a327821 ‡b ‡c327821 ‡tbiblio ‡soclc | |

Add to basket
Permalink
Enable Highlighting